| 000 | 00447nam a2200145 a 4500 | ||
|---|---|---|---|
| 005 | 20140414093848.0 | ||
| 008 | 110607s19uu xx 00 eng d | ||
| 050 |
_aVCD 540 _bCHE 2005 |
||
| 100 | _aDiscovery Channel | ||
| 245 |
_aPhysical science investigations : _bChemical reactions / _cDiscovery channel. |
||
| 260 |
_aSilver Spring, MD : _bDiscovery Communications, _c2005. |
||
| 650 | _aChemical reactions | ||
| 942 | _cAVM | ||
| 999 |
_c109760 _d109760 |
||